| 000 | 01018cam a2200229 4500 | ||
|---|---|---|---|
| 008 | 020301n2002 000 0 eng u | ||
| 020 | _a0632039256 | ||
| 035 | _a(Sirsi) u116933 | ||
| 041 | _aeng. | ||
| 050 | _a720 | ||
| 100 |
_aPickard, Q. _xEditor |
||
| 245 | 4 | _aThe architects' handbook | |
| 260 |
_aOxford _bBlackwell _c2002 |
||
| 300 |
_aix,454p. _c31cm. |
||
| 350 | _a59.50 | ||
| 520 | _aProvides a comprehensive range of visual and technical information covering the great majority of building types (from airports to zoos) that are likely to be encountered by architects, designers, building surveyors and others involved in the construction industry. Contains basic design guidance, and features over 300 case studies. Also includes sections on designing for accessibility, drawing practice, and metric and imperial conversion tables. | ||
| 650 | _aARCHITECTURE | ||
| 650 | _aDESIGN GUIDANCE | ||
| 650 | _aTECHNICAL STANDARDS | ||
| 690 | _aBUILT ENVIRONMENT-CONSTRUCTION DESIGN | ||
| 942 | _n0 | ||
| 999 |
_c101924 _d101924 |
||